| 000 | 00901nam0a22002411 4500 | ||
|---|---|---|---|
| 001 | rc\1080851 | ||
| 005 | 20041126173620.4 | ||
| 035 | _a(NLR Aleph) 006329240 | ||
| 090 |
_a7527533 _c7527533 |
||
| 100 | _a20041126d1984 u |0rusy50 ca | ||
| 101 | 0 | _arus | |
| 102 | _aRU | ||
| 105 | _aa ||||||||| | ||
| 200 | 1 |
_aСовершенствование управления земельным фондом _eНауч. тр. _fМоск. ин-т инженеров землеустройства _g[Редкол.: Ломакин Г.В. (отв. ред.) и др.] |
|
| 210 |
_aМ. _cМИИЗ _d1984 |
||
| 215 |
_a108 с. _cил. _d20 |
||
| 702 | 1 |
_aЛомакин _bГ. В. _4340 |
|
| 712 | 0 | 2 |
_aМосковский ин-т инженеров землеустройства _3RU\NLR\AUTH\8810015842 |
| 801 | 0 |
_aRU _bNLR _gpsbo |
|
| 801 | 1 |
_aRU _bELAR _2rusmarc |
|
| 852 |
_aNLR _j84-3/9115 |
||
| 942 | _cBOOK | ||
| 980 | _aNB | ||